000 00636nam a22002057a 4500
999 _c1855
_d1855
003 AR-CdUCM
008 190228b ||||| |||| 00| 0 spa d
040 _aMUNICIPALIDAD PROVINCIAL DEL CUSCO
_cBIBLIOTECA MUNICIPAL DEL CUSCO
082 _a808.83 /
_bG22
100 _aGarcía Lorca, Federico
_96798
245 _aAnología poética /
260 _aBogotá :
_bLa oveja negra,
_c1982.
300 _a164 páginas ;
_c19 cm.
440 _aHistoria universal de la literatura,
_n35.
_96799
650 _aLiteratura española
_9362
650 _aPoesía siglo XX
_91708
650 _aPoesía
_9139
942 _2ddc
_cLIBROS
945 _azta